| 000 | 01460nam0a22002771 4500 | ||
|---|---|---|---|
| 001 | rc\158712 | ||
| 005 | 20260406071843.0 | ||
| 035 | _a(NLR Aleph) 005424791 | ||
| 090 |
_a7514209 _c7514209 |
||
| 100 | _a20030307d1992 |||y0rusy50 ca | ||
| 101 | 0 | _arus | |
| 102 | _aRU | ||
| 105 | _aa ||||||||| | ||
| 200 | 1 |
_aМЕТОДЫ и результаты исследований напряженного состояния реакторной установки ВВЭР-1000 при эксплуатации _fН.А. Махутов, М.Л. Дайчик, С.В. Маслов и др. _gПод ред. акад. К.В. Фролова |
|
| 210 |
_aМ. _cМЦНТИ _cИн-т машиноведения _d1992 |
||
| 215 |
_a116 с. _cил. _d20 |
||
| 225 | 1 |
_aНаучно-технический прогресс в машиностроении _fМеждунар. центр науч. и техн. информ. _fИн-т машиноведения им. А.А. Благонравова РАН _vВып. 36 |
|
| 320 | _aБиблиогр.: с. 111-114 | ||
| 701 | 1 |
_7ca _8rus _aМахутов _bН. А. _f1937- _gНиколай Андреевич _9234654 _3RU\NLR\AUTH\770234710 |
|
| 702 | 1 |
_4340 _8rus _7ca _aФролов _bК. В. _cд-р техн. наук _f1932-2007 _gКонстантин Васильевич _3RU\NLR\AUTH\7729062 _912091 |
|
| 801 | 0 |
_aRU _bNLR _gpsbo |
|
| 801 | 1 |
_aRU _bELAR _2rusmarc |
|
| 852 |
_aNLR _jП10/6478 |
||
| 942 | _cBOOK | ||
| 980 | _aNB | ||